Енциклопедія Сучасної України (Запис № 17462)

000 -Маркер запису
Контрольне поле сталої довжини 01666nam a22002777a 4500
003 - Належність контрольного номера
Контрольне поле Uzh_bibl
008 - Кодовані дані
Контрольне поле сталої довжини 260422b |||||||| |||| 00| 0 ukr d
020 ## - Індекс ISBN
ISBN 966-02-2075-8
Ціна 105.00
040 ## - Джерело каталогіз.
Код мови каталог. укр.
041 ## - Код мови видання
Код мови оригіналу українська
Код мови тексту українська
080 ## - Індекс УДК
Індекс УДК 030(477)
090 ## - Шифри
Поличний індекс 030(477)
Авторський знак Е64
100 ## - Автор
Автор -
245 ## - Назва
Назва Енциклопедія Сучасної України
Продовж. назви Т. 1: А
Відповідальність кер. М.Железняк
Фізичний носій Текст
260 ## - Вихідні дані
Місце видання Київ
Видавництво ТОВ "Твори"
Дата видання 20021
300 ## - Фізичний опис
Обсяг 823 с.
Ілл./тип відтвор. іл.
Тип одиниці В опр.
490 ## - Серія
№ тому Том - 1
520 ## - Анотація
Анотація Енциклопедія Сучасної України - перше багатотомне видання про Україну всіх вимірах від початку 20 століття до сьогодення. Енциклопедія подає цілісний образ новітньої України в подіях, інституціях, установах, родах діяльності, поняттях, особах. Охоплює всі сфери життя в Україна, відображає сучасні погляди на постаті. У першому томі подано 2732 гасел,1628 ілюстрацій, 50 таблиць і схем та 12 карт.
521 ## - Примітка про цільове призначення
Примітка про цільове призначення Для широкого кола читачів
546 ## - Примітка про мову
Примітка про мову укр.
650 ## - Тематичні рубрики
Основна рубрика Довідкове видання
653 ## - Ключові слова
Ключові слова Енциклопедія.
-- Україна.
655 ## - Термін індексування — жанр/форма
Жанр/форма Науково-популярне видання
Типове ділення Енциклопедія
700 ## - Інші автори
Інші автори І.Дзюба, А.Жуковський, М.Железняк та ін.
942 ## - ADDED ENTRY ELEMENTS (KOHA)
Джерело класифікації чи схема поличного розташування
Koha item type Книги
Фонди
Статус вилучення Статус втрати/відсутності Джерело класифікації чи схема поличного розташування Статус пошкодження Тип обігу (не для випозичання) Постійне розташування Поточне розташування Розташування у відділі Дата надходження Інвентарний номер Total Checkouts Повний (примірниковий) шифр зберігання Штрих-код Date last seen Дата, для якої чинна ціна заміни Тип одиниці (рівень примірника)
          Бібліотека-філія №2 Бібліотека-філія №2 Читальна зала старший відділ 22/04/2026 50557   030(477) 19851 22/04/2026 22/04/2026 Книги

Працює на АБІС Коха